The finance and analysis of capital projects / (Record no. 200037)

MARC details
000 -LEADER
fixed length control field 01026nam a2200325 a 4500
001 - CONTROL NUMBER
control field vtls000195728
003 - CONTROL NUMBER IDENTIFIER
control field NLI
005 - DATE AND TIME OF LATEST TRANSACTION
control field 20210602113027.0
008 - FIXED-LENGTH DATA ELEMENTS--GENERAL INFORMATION
fixed length control field 101125s1973 enk 001 0 eng
020 ## - INTERNATIONAL STANDARD BOOK NUMBER
International Standard Book Number 0582450381 :
Terms of availability PND 10.00
039 #9 - LEVEL OF BIBLIOGRAPHIC CONTROL AND CODING DETAIL [OBSOLETE]
-- 201011252320
-- VLOAD
040 0# - CATALOGING SOURCE
Original cataloging agency NLI
Language of cataloging eng
Transcribing agency Datasoft 1
Description conventions AACR2
041 0# - LANGUAGE CODE
Language code of text/sound track or separate title eng
044 ## - COUNTRY OF PUBLISHING/PRODUCING ENTITY CODE
MARC country code enk
082 04 - DEWEY DECIMAL CLASSIFICATION NUMBER
Classification number 332.60942
100 1# - MAIN ENTRY--PERSONAL NAME
Personal name Merrett, A. J.
9 (RLIN) 68456
245 14 - TITLE STATEMENT
Title The finance and analysis of capital projects /
Statement of responsibility, etc. A. J. Merrett and Allen Sykes
250 ## - EDITION STATEMENT
Edition statement 2nd ed.
260 ## - PUBLICATION, DISTRIBUTION, ETC.
Place of publication, distribution, etc. [London] :
Name of publisher, distributor, etc. Longman,
Date of publication, distribution, etc. [1973]
300 ## - PHYSICAL DESCRIPTION
Extent xxiv, 573 p. ;
Dimensions 24 cm.
500 ## - GENERAL NOTE
General note Includes index
650 #0 - SUBJECT ADDED ENTRY--TOPICAL TERM
Topical term or geographic name entry element Capital investments
9 (RLIN) 1462
700 1# - ADDED ENTRY--PERSONAL NAME
Personal name Sykes, Allen,
Relationship jt. aut
9 (RLIN) 214632
887 ## - NON-MARC INFORMATION FIELD
Content of non-MARC field
901 ## - LOCAL DATA ELEMENT A, LDA (RLIN)
a 411123
b 31.7.1974
902 ## - LOCAL DATA ELEMENT B, LDB (RLIN)
a E 332.60942 M 551 (1)
942 ## - ADDED ENTRY ELEMENTS (KOHA)
Source of classification or shelving scheme Dewey Decimal Classification
Koha item type Books
949 ## - LOCAL PROCESSING INFORMATION (OCLC)
-- VIRTUAITEM
-- 10000
-- 100
6 PUR000411123ENG
9 .
Holdings
Withdrawn status Lost status Damaged status Not for loan Collection code Home library Current library Shelving location Date acquired Total Checkouts Full call number Barcode Date last seen Price effective from Koha item type
        New English National Library of India National Library of India New English - Main Stack Division     E 332.60942 M 551 (1) PUR000411123ENG 02/06/2021 02/06/2021 Books
                                                                           
web counter

Copyright ©2020 The National Library of India, Govt. of India ↔ Hosted by NVLI, MOC ↔ Technology and Design by National Library of India, Ministry of Culture, Govt. of India